000 00719nam a2200241Ia 4500
005 20250425162113.0
008 250425s9999 xx 000 0 und d
041 _aeng
082 _a621.3
100 _aPLANT, ENGINEERING
245 0 _aMATERIAL HANDLING: SPECIALEZED HANDLING SYSTEMS
250 _aS.E.
260 _aEstados Unidos
_bPLANT ENGINEERING
_c1977
260 _aS.L.
300 _a62
500 _aContiene Material handling: unit load conveyors; Warehousing; Materials handling: overhead cranes and hoists; Material handling: lift trucks.
650 _aELEVADORES
650 _aROBOTS
650 _aSISTEMA DE TRANSMISION
710 _aPLANT ENGINEERING
942 _c01
010 _a50338
999 _c222393
_d222393